| 000 | 02338nam a22004452u 4500 | ||
|---|---|---|---|
| 001 | 9912 | ||
| 003 | BD-RjUL | ||
| 005 | 20211208234849.0 | ||
| 008 | 140122s1994 u ||| b ||| | eng d | ||
| 035 | _a(BD-RjUL)9958 | ||
| 040 |
_aericd _beng _cericd _dMvI |
||
| 041 | _aeng | ||
| 082 | 0 | 4 |
_219 _a410 _bLIG 1994 |
| 091 | _amfm | ||
| 110 | 2 |
_aUnited States Information Agency, Washington, DC. English Language Programs Div. _930645 |
|
| 245 | 1 | 4 |
_aThe Lighter Side of TEFL : _bA Teacher's Resource Book of Fun Activities for Students of English as a Foreign Language / _cThomas Kral, Ed. |
| 260 |
_a[Washington D.C.] : _bDistributed by ERIC Clearinghouse, _c1994. |
||
| 300 |
_a143 p. ; _c27 cm. |
||
| 520 | _aThe guide provides teachers of English as a Foreign Language (TEFL) with classroom instructional activities that reinforce vocabulary or teach specific language skills (listening, speaking, reading, writing) while demonstrating that communicating in English can be fun. The activities are brief and self-contained, and an audiotape cassette (not included) is designed for use with the last four sections of the book. Each section focuses on a different type of activity: word games; crossword puzzles; idioms; limericks; jokes and riddles; puzzle stories; shaggy dog stories; and folk wisdom. An answer key is also included. (MSE) | ||
| 650 | 1 | 7 |
_aClass Activities. _2ericd _930630 |
| 650 | 1 | 7 |
_aEnglish (Second Language) _2ericd _930631 |
| 650 | 1 | 7 |
_aFigurative Language. _2ericd _930632 |
| 650 | 1 | 7 |
_aFolk Culture. _2ericd _930633 |
| 650 | 1 | 7 |
_aGames. _2ericd _930634 |
| 650 | 1 | 7 |
_aHumor. _2ericd _922732 |
| 650 | 0 | 7 |
_aIdioms. _2ericd _930635 |
| 650 | 0 | 7 |
_aInstructional Materials. _2ericd _930636 |
| 650 | 0 | 7 |
_aLanguage Skills. _2ericd _930637 |
| 650 | 0 | 7 |
_aPoetry. _2ericd _930638 |
| 650 | 0 | 7 |
_aPuzzles. _2ericd _930639 |
| 650 | 0 | 7 |
_aSecond Language Instruction. _2ericd _930640 |
| 650 | 0 | 7 |
_aShort Stories. _2ericd _99866 |
| 650 | 0 | 7 |
_aSkill Development. _2ericd _930641 |
| 653 | 0 |
_aJokes _aLimericks _aRiddles |
|
| 655 | 7 |
_aGuides, Classroom _xTeacher. _2ericd _930642 |
|
| 700 | 1 |
_aKral, Thomas, _eeditor. _930643 |
|
| 710 | 2 |
_aUnited States Information Agency, Washington, DC. English Language Programs Div. _930644 |
|
| 856 | 4 | 1 | _uhttp://www.eric.ed.gov/contentdelivery/servlet/ERICServlet?accno=ED419399 |
| 942 |
_2ddc _cBK |
||
| 999 |
_c9912 _d9912 |
||